Statystyki dla Losowe stolice na mapie Ameryki Północnej

Kliknij tutaj aby rozwiązać quiz!

Ogólne statystyki

  • Ten quiz został rozwiązany 77 razy
  • Średni wynik to 4 z 7

Odpowiedzi na mapie

Odpowiedzi skodowane kolorowo w zielono-czerwonej skali na mapie do tego quizu, zgodnie z poniższymi procentami.
 

Statystyki odpowiedzi

Stolice% Poprawnych
Hawana
100%
Kingston
100%
Meksyk
100%
Ottawa
100%
Tegucigalpa
100%
Waszyngton
100%
Castries
75%
Nassau
75%
Port-Au-Prince
71%
Gwatemala
67%
Panama
67%
Kingstown
60%
Belmopan
50%
Managua
40%
Roseau
40%
Santo Domingo
33%
Basseterre
25%
Bridgetown
0%
Saint George's
0%
Saint John's
0%
San José
0%
San Salvador
0%

Rozkład punktacji

Percentyl według liczby udzielonych odpowiedzi

Procent ludzi z każdym wynikiem

Twoja historia wyników

Nie rozwiązałeś tego quizu